000 00466nam a22001817a 4500
003 NUST - PNEC
005 20170116181032.0
008 150919b xxu||||| |||| 00| 0 eng d
020 _a0070520461
040 _cLIBRARY
082 _a621.4021 REY
100 _911135
_aReynolds, William C
245 _aEngineering thermodynamics
_cWilliam C. Reynolds
250 _aSecond Edition
260 _cc.1977
650 _911150
_aThermodynamics
_xME
942 _2ddc
_cBK
999 _c67777
_d67777